000 00426nam a22001577a 4500
003 CEME
005 20210628201953.0
008 210415b xxu||||| |||| 00| 0 eng d
040 _c.
082 _a621.314 COI
100 _aPdf
_956879
245 _a Coil design and construction manual ,how to make your own rf and af coils, chokes and transformers
260 _a LONDON
_bPDF
_c1960
300 _a84P
942 _cBK
_2ddc
999 _c567934
_d567934